| 000 | 00736nam a2200181 a 4500 | ||
|---|---|---|---|
| 001 | 000028328 | ||
| 005 | 20200930031538.0 | ||
| 008 | 110408s1991 dr 000 0 spa d | ||
| 040 |
_aDO-SdBNP _bspa _cBNPHU |
||
| 100 | 1 |
_aCollao Montañez, Oscar _955311 |
|
| 245 | 1 | 0 |
_aEl financiamiento de la educación / _cCollao Montañez Oscar. |
| 260 |
_aSanto Domingo : _bFUNDAPEC, _c1991. |
||
| 300 |
_a27 p. ; _c22 cm. |
||
| 490 | 1 |
_aInstitucional _v5 |
|
| 500 | _aEste trabajo fue publicado en la Unidad de Información y Divulgación del Programa de Cooperación Técnica para el fortalecimiento del sistem de Enseñanza Técnico Vocacional en la República Dominicana, octubre de 1991 | ||
| 830 | 0 |
_aInstitucional _v5 _955312 |
|
| 049 | _aBNPD | ||
| 999 |
_c27820 _d27820 |
||